Difúzne boridovanie ocele K390 Microclean = Diffusion boronising steel K390 Microclean : Diplomová práca

Uložené v:
Podrobná bibliografia
Hlavný autor: Pekara, Peter (Autor)
Ďalší autori: Hudáková, Mária, 1962- (xxx)
Médium: Rukopis Kniha
Jazyk:Slovak
Vydavateľské údaje: Trnava : STU v Bratislave MTF UMAT, 2009
Predmet:
Tagy: Pridať tag
Žiadne tagy, Buďte prvý, kto otaguje tento záznam!

MARC

LEADER 00000ntm a22000003a 4500
001 stu180034
005 20160719160124.9
008 090213s2009----xo------------------slo-d
040 |a STU  |b slo 
041 0 |a slo 
044 |a xo 
100 1 |a Pekara, Peter  |4 aut 
245 1 |a Difúzne boridovanie ocele K390 Microclean = Diffusion boronising steel K390 Microclean :  |b Diplomová práca 
260 |a Trnava :  |b STU v Bratislave MTF UMAT,  |c 2009 
300 |a 71 s  |c 1 CD-ROM 
500 |a Študijný program: technické materiály 
500 |a Študijný odbor: 5.2.26 materiály 
650 7 |a difúzne boridovanie  |2 stusub 
700 1 |a Hudáková, Mária,  |d 1962-  |4 xxx  |u M1000  |U MTF Materiálovotechnologická fakulta  |T MTF Ústav materiálov  |X 2754  |U M1000  |Y 81  |7 A000002754 
996 |b 284M069653  |c M*DP-7570  |l MMSKP  |s P  |a 0  |w stu180034_0001